000 01235 a2200241 4500
003 Nust
005 20220817110954.0
010 _a 2005040445
020 _a0387240675 (alk. paper)
020 _a0387240683 (e-book)
040 _cNust
082 0 0 _a621.38216,ELL
245 0 0 _aNext generation transport networks :
_bdata, management, and control planes /
_cManohar Naidu Ellanti ... [et al.].
260 _aNew York :
_bSpringer,
_cc2005.
300 _axi, 710 p. :
_bill. ;
_c25 cm.
505 _aIntroduction to Transport Networks (Page-1), Switching (Page-39), SONET and SDH (Page-101),Next Generation Transport Technologies (Page-181), Management Architectures (Page-267), Management Information Models (Page-307), Management Technologies (Page-377), Transport Networks Surivability (Page-485), Control Plane (Page-587).
_g,
650 0 _aTelecommunication engineering
_xSwitching systems.
_997634
650 0 _aTelecommunication systems.
_921843
700 1 _aEllanti, Manohar Naidu,
_d1966-
_997635
856 4 2 _3Publisher description
_uhttp://www.loc.gov/catdir/enhancements/fy0663/2005040445-d.html
856 4 2 _3Table of contents only
_uhttp://www.loc.gov/catdir/enhancements/fy0819/2005040445-t.html
942 _cREF
_2ddc
999 _c175735
_d175735